LEADER 01948oam 2200469 450 001 9910158633803321 005 20190911103515.0 010 $a1-5026-2306-4 035 $a(OCoLC)961035417 035 $a(MiFhGG)GVRL05AP 035 $a(EXLCZ)993710000001010147 100 $a20160721h20172017 uy 0 101 0 $aeng 135 $aurun|---uuuua 181 $ctxt$2rdacontent 182 $cc$2rdamedia 183 $acr$2rdacarrier 200 10$aInventions in fashion $efrom rawhide to rayon /$fLisa Hiton 205 $aFirst edition. 210 1$aNew York :$cCavendish Square,$d2017. 210 4$d?2017 215 $a1 online resource (112 pages) $cillustrations (some color), portraits 225 1 $aArt and Invention 311 $a1-5026-2305-6 320 $aIncludes bibliographical references and index. 327 $aThe roots of modern fashion design -- Rawhide -- Blue jeans -- The sewing machine -- Rayon -- The future of fashion. 330 $aThis book explores the trajectory of fashion from the first clothing worn by primitive humans to scientifically engineered fabrics. It examines the development of rawhide, blue jeans, sewing machines, and rayon in chronological order. These inventions have applications well beyond the runway, and the book explains these effects, the stories of their inventors, and the ways earlier inventions influenced those that came after. 410 0$aArt and invention. 606 $aFashion$xHistory 606 $aTextile fabrics$xTechnological innovations$xHistory 606 $aTextile industry$xHistory 615 0$aFashion$xHistory. 615 0$aTextile fabrics$xTechnological innovations$xHistory. 615 0$aTextile industry$xHistory. 676 $a677/.028 700 $aHiton$b Lisa$01244409 801 0$bMiFhGG 801 1$bMiFhGG 906 $aBOOK 912 $a9910158633803321 996 $aInventions in fashion$92892016 997 $aUNINA LEADER 02808nam 22007454a 450 001 9910959198703321 005 20080321091817.0 010 $a9780822386223 010 $a0822386224 024 7 $a10.1515/9780822386223 035 $a(CKB)1000000000757601 035 $a(EBL)1167986 035 $a(OCoLC)191222123 035 $a(SSID)ssj0000390955 035 $a(PQKBManifestationID)12171727 035 $a(PQKBTitleCode)TC0000390955 035 $a(PQKBWorkID)10459500 035 $a(PQKB)10818834 035 $a(MiAaPQ)EBC1167986 035 $a(DE-B1597)553926 035 $a(DE-B1597)9780822386223 035 $a(OCoLC)1058427153 035 $a(Perlego)1465645 035 $a(EXLCZ)991000000000757601 100 $a20080125d2004 uy 0 101 0 $aeng 135 $aur|n|---||||| 181 $ctxt$2rdacontent 182 $cc$2rdamedia 183 $acr$2rdacarrier 200 10$aAloha betrayed $enative Hawaiian resistance to American colonialism /$fNoenoe K. Silva 210 $aDurham $cDuke University Press$dc2004 215 $a1 online resource (x, 260 pages) $cillustrations 225 1 $aAmerican encounters/global interactions 311 08$a9780822333500 311 08$a0822333503 320 $aIncludes bibliographical references (p. [241]-251) and index. 327 $aEarly struggles with the foreigners -- Ka hoku o ka pakipita : emergence of the native voice in print -- The merrie monarch : genealogy, cosmology, mele and performance art as resistance -- The annexation struggle -- The queen of Hawai'i raises her solemn note of protest. 330 $aAn historical account of native Hawaiian encounters with and resistance to American colonialism, based on little-read Hawaiian-language sources. 410 0$ae-Duke books scholarly collection. 410 0$aAmerican encounters/global interactions. 606 $aHawaiians$xColonization 606 $aHawaiians$xGovernment relations 606 $aHawaiians$xPolitics and government 606 $aImperialism$xHistory 607 $aHawaii$xAnnexation to the United States 607 $aHawaii$xHistory$yOverthrow of the Monarchy, 1893 607 $aHawaii$xForeign relations$zUnited States 607 $aUnited States$xForeign relations$zHawaii 607 $aHawaii$xHistoriography 607 $aHawaii$xHistory$vSources 615 0$aHawaiians$xColonization. 615 0$aHawaiians$xGovernment relations. 615 0$aHawaiians$xPolitics and government. 615 0$aImperialism$xHistory. 676 $a996.9/02 676 $a996.902 700 $aSilva$b Noenoe K.$f1954-$01258465 801 0$bMiAaPQ 801 1$bMiAaPQ 801 2$bMiAaPQ 906 $aBOOK 912 $a9910959198703321 996 $aAloha betrayed$94355987 997 $aUNINA